Авиация и воздухоплавание. Труды семнадцатых Чтений, посвященных разработке научного наследия и развитию идей К. Э. Циолковского: 15-17 сентября 1982 г., Калуга

Библиографические подробности
Корпоративные авторы: Государственный музей истории космонавтики, Разработка научного наследия и развитие идей К. Э. Циолковского
Язык:русский
Опубликовано: Москва, Изд-во ИИЕТ АН СССР, 1983
Предметы:
Формат: Книга
Запись в KOHA:https://koha.lib.tpu.ru/cgi-bin/koha/opac-detail.pl?biblionumber=287476

MARC

LEADER 00000nam0a2200000 4500
001 287476
005 20231102000007.0
035 |a (RuTPU)RU\TPU\book\311878 
090 |a 287476 
100 |a 20150316d1983 k y0rusy5003 ca 
101 0 |a rus 
102 |a RU 
105 |a a z 101zy 
200 1 |a Авиация и воздухоплавание. Труды семнадцатых Чтений, посвященных разработке научного наследия и развитию идей К. Э. Циолковского  |e 15-17 сентября 1982 г., Калуга  |f Государственный музей истории космонавтики 
210 |a Москва  |c Изд-во ИИЕТ АН СССР  |d 1983 
215 |a 83 с.  |c ил.  |d 25 см 
320 |a Библиография в конце статей 
606 1 |a Авиация СССР  |x История  |2 stltpush  |3 (RuTPU)RU\TPU\subj\525  |9 29424 
610 1 |a воздухоплавание 
610 1 |a дирижабли 
610 1 |a конструкции 
610 1 |a летательные аппараты 
610 1 |a ракеты 
610 1 |a аэрокосмические компоненты 
610 1 |a аэродинамические характеристики 
610 1 |a чтения 
675 |a 629.73(063)  |z rus  |v 4 
712 0 2 |a Государственный музей истории космонавтики  |2 stltpush  |3 (RuTPU)RU\TPU\col\15626  |9 26196 
712 0 2 |a Разработка научного наследия и развитие идей К. Э. Циолковского  |c чтения  |d 17  |e Калуга  |f 1982 
801 0 |a RU  |b RuMRKP  |c 19950704  |g psbo 
801 1 |a RU  |b 63413507  |c 20150316 
801 2 |a RU  |b 63413507  |c 20170621  |g RCR 
942 |c BK